000 00788nam a2200217 a 4500
001 86106
003 BD-RjUL
005 20260114152657.0
008 260114s2020 bg ||||| |||| 00| 0 ben d
035 _a(BD-RjUL)86106
040 _aBD-RjUL
_beng
_cBD-RjUL
041 _aben
082 _223
_a200
_bHOB 2020
100 _aহোসেন, মোহাম্মদ বেলাল
245 _aবিশ্বে প্রচলিত ধর্মমত /
_cমোহাম্মদ বেলাল হোসেন
260 _aরাজশাহী :
_bরেনেসাঁ পাবলিকেশন্স,
_c২০২০
300 _a৪০৪ পৃ. :
_bচিত্রসমূহ;
_c২৩ সেমি
650 _aধর্ম
650 _aReligion
942 _2ddc
_cBK
999 _c86106
_d86106